=LDR 00000nam 2200000 4500 =001 INLIS000000000033180 =005 20130612135141 =008 ***********************************ind** =035 ##$$0010-061300000033180 =041 ##$$a ind =082 ##$$a 577.694 =090 ##$$a 577.694, Bra l =100 ##$$a Bramwill, Martyn =245 ##$$a Lebih dekat dengan lautan, Kesatuan Samudra, Martyn Bramwill =260 ##$$a 2007 $b Bandung =300 ##$$a ...Jil, ilus, 30 cm =650 ##$$a Laut kehidupan =850 ##$$a NBPNMAT